000 00299nam a22001337a 4500
008 171002b xxu||||| |||| 00| 0 eng d
020 _a2900205499419
041 _aeng
080 _a159.9
100 _a48
101 _aPSI
245 _aTHE WORLD OF PSYCHOLOGY
_cWOOD.S.E
942 _2udc
_cBK
999 _c31212
_d31212